Capitals of Africa - 2 Minute Sprint - Statistics

General Stats
  • This quiz has been taken 845 times
  • The average score is 39 of 54
Answer Stats
Answer % Correct
Cairo
92%
Algiers
89%
Tunis
86%
Tripoli
85%
Abuja
82%
Rabat
82%
Accra
79%
Addis Ababa
79%
Pretoria
79%
Khartoum
78%
Nairobi
76%
Antananarivo
75%
Asmara
74%
Banjul
74%
Dakar
74%
Kinshasa
74%
Lomé
74%
Lusaka
74%
Bangui
73%
Brazzaville
73%
Luanda
73%
Kigali
72%
Maputo
72%
Mogadishu
72%
Niamey
72%
Victoria
72%
Bamako
71%
Djibouti
71%
Harare
71%
Praia
71%
Juba
70%
Kampala
70%
Nouakchott
70%
Cape Town
69%
Maseru
69%
Monrovia
69%
Port Louis
69%
Bissau
68%
Freetown
68%
Libreville
68%
N'Djamena
68%
Yamoussoukro
68%
Gaborone
67%
Moroni
67%
Porto Novo
67%
Windhoek
67%
Yaoundé
67%
Ouagadougou
66%
Conakry
65%
Mbabane
65%
Malabo
63%
Bloemfontein
62%
Bujumbura
53%
Dar es Salam
41%
No matching quizzes found
Score Distribution
Percent of People with Each Score
Percentile by Number Answered
Your Score History
You have not taken this quiz